[Event "Arber op 8th"]
[Site "Bodenmais"]
[Date "2019.07.27"]
[Round "1"]
[White "Mirzoev, Emil"]
[Black "Wacker, Andreas"]
[Result "1-0"]
[WhiteElo "2493"]
[BlackElo "1792"]
[PlyCount "65"]
[EventDate "2019.07.27"]
[EventType "swiss"]
[EventRounds "9"]
[EventCountry "GER"]
[SourceTitle "CBM 191 Extra"]
[Source "ChessBase"]
[SourceDate "2019.09.30"]
[SourceVersion "1"]
[SourceVersionDate "2019.09.30"]
[SourceQuality "1"]

1. c4 Nf6 2. Nc3 g6 3. e4 e5 4. Nf3 d6 5. d4 Nbd7 6. Be2 Bg7 7. 0-0 0-0 8. Qc2 Qe7 9. Rd1 c6 10. b3 Nb6 11. Ba3 c5 12. dxe5 dxe5 13. Nd5 Nbxd5 14. cxd5 b6 15. Nd2 Bb7 16. Nc4 Nd7 17. Bb2 f5 18. f3 f4 19. a4 a5 20. Na3 Ba6 21. d6 Qf7 22. Nb5 Bxb5 23. Bxb5 Kh8 24. Rd5 Rfe8 25. Rad1 Ra7 26. Bc3 Qe6 27. Qe2 Qf7 28. Bc6 Qe6 29. Qb5 Rb8 30. h3 h6 31. Bxd7 Rxd7 32. Bxe5 Bxe5 33. Rxe5 1-0

[Event "GER-chT U20"]
[Site "Osnabrueck"]
[Date "2018.12.29"]
[Round "5.3"]
[White "Kaiser, Frederic"]
[Black "Wacker, Andreas"]
[Result "1-0"]
[WhiteElo "1880"]
[BlackElo "1863"]
[PlyCount "172"]
[EventDate "2018.12.27"]
[EventType "team-swiss"]
[EventRounds "7"]
[EventCountry "GER"]
[SourceTitle "CBM 188 Extra"]
[Source "ChessBase"]
[SourceDate "2019.02.26"]
[SourceVersion "1"]
[SourceVersionDate "2019.02.26"]
[SourceQuality "1"]
[WhiteTeam "Bensheim"]
[BlackTeam "Lambsheim"]
[WhiteTeamCountry "GER"]
[BlackTeamCountry "GER"]

1. Nf3 d5 2. g3 Nf6 3. Bg2 g6 4. d4 Bg7 5. 0-0 0-0 6. Nbd2 Nbd7 7. b3 c5 8. e3 b6 9. Bb2 Bb7 10. c4 e6 11. Rc1 Rc8 12. Qe2 Qe7 13. Rfd1 Rfd8 14. Rc2 h6 15. cxd5 exd5 16. Ba3 Qe6 17. Rdc1 Bf8 18. Bb2 Bg7 19. Qb5 a6 20. Qe2 Bf8 21. Ne1 Rc7 22. Nd3 Rdc8 23. h4 a5 24. Nf4 Qe8 25. Qd3 Bd6 26. Bh3 Ra8 27. Nf3 Ba6 28. Qd2 Ne4 29. Qd1 Ndf6 30. dxc5 Bxf4 31. exf4 bxc5 32. h5 Nxh5 33. Be5 Rc6 34. Qxd5 Nhf6 35. Bxf6 Nxf6 36. Qd2 Bc8 37. Bg2 Rc7 38. Ne5 Bb7 39. Qd6 Qd8 40. Qxd8+ Rxd8 41. Bxb7 Rxb7 42. Nc6 Ra8 43. Rxc5 a4 44. Na5 Rbb8 45. Nc6 Rb7 46. b4 Ne8 47. a3 Kg7 48. Ne5 Nd6 49. Re1 Nb5 50. Nc4 Rd8 51. Ree5 Nd4 52. Kg2 Nb3 53. Rcd5 Rbd7 54. Rxd7 Rxd7 55. Nb6 Ra7 56. Re3 Nd4 57. Rc3 Nb5 58. Rd3 Ra6 59. Nc4 Rc6 60. Nb2 Ra6 61. Kf3 Kf6 62. Ke3 Ke6 63. Ke4 f5+ 64. Ke3 Kf6 65. Kd2 Ke6 66. Nc4 Rc6 67. Re3+ Kf6 68. Kd3 Rc8 69. Nb6 Rc3+ 70. Kd2 Rxa3 71. Rxa3 Nxa3 72. Nxa4 Ke6 73. Nc5+ Kd5 74. Kd3 Nb5 75. Nd7 Nd6 76. f3 Nb5 77. Nf8 g5 78. fxg5 hxg5 79. Ng6 Nd6 80. Ne7+ Ke6 81. Nc6 Kd5 82. Nd4 f4 83. gxf4 gxf4 84. Ne2 Ke5 85. Kc3 Nb5+ 86. Kc4 Nd4 1-0

[Event "GER-chT U20"]
[Site "Osnabrueck"]
[Date "2018.12.27"]
[Round "1.3"]
[White "Wacker, Andreas"]
[Black "Bosselmann, Tom Linus"]
[Result "1/2-1/2"]
[WhiteElo "1863"]
[BlackElo "2057"]
[PlyCount "40"]
[EventDate "2018.12.27"]
[EventType "team-swiss"]
[EventRounds "7"]
[EventCountry "GER"]
[SourceTitle "CBM 188 Extra"]
[Source "ChessBase"]
[SourceDate "2019.02.26"]
[SourceVersion "1"]
[SourceVersionDate "2019.02.26"]
[SourceQuality "1"]
[WhiteTeam "Lambsheim"]
[BlackTeam "Luebeck"]
[WhiteTeamCountry "GER"]
[BlackTeamCountry "GER"]

1. e4 c5 2. Nc3 a6 3. g3 b5 4. Bg2 Bb7 5. Nge2 e6 6. 0-0 Be7 7. d3 b4 8. Na4 Nf6 9. Be3 Qc7 10. c3 bxc3 11. bxc3 d5 12. f3 Nbd7 13. Qc2 Rc8 14. Rab1 Bc6 15. Nb2 0-0 16. Nd1 dxe4 17. dxe4 Nb6 18. Nb2 Rfd8 19. Rfd1 Rxd1+ 20. Rxd1 Rd8 1/2-1/2

[Event "Pfalz op-B 9th"]
[Site "Neustadt an der Weinstrasse"]
[Date "2018.02.12"]
[Round "7"]
[White "Jiang, Tiantian"]
[Black "Wacker, Andreas"]
[Result "1-0"]
[WhiteElo "1596"]
[BlackElo "1806"]
[PlyCount "117"]
[EventDate "2018.02.09"]
[EventType "swiss"]
[EventRounds "7"]
[EventCountry "GER"]
[SourceTitle "CBM 182 Extra"]
[Source "ChessBase"]
[SourceDate "2018.02.23"]
[SourceVersion "1"]
[SourceVersionDate "2018.02.23"]
[SourceQuality "1"]

1. Nf3 d5 2. d4 e6 3. g3 c5 4. Bg2 Nc6 5. 0-0 Nf6 6. c4 Be7 7. Nc3 0-0 8. dxc5 Bxc5 9. cxd5 Nxd5 10. Nxd5 exd5 11. Qc2 Be7 12. Rd1 Be6 13. Be3 Rc8 14. Qa4 b6 15. Nd4 Qd7 16. Nxe6 fxe6 17. Bh3 Bf6 18. Qg4 Rce8 19. Rab1 Qf7 20. Bg2 Ne5 21. Qb4 Nc4 22. Qb3 Rd8 23. f3 Be7 24. Bf2 Bc5 25. Bxc5 bxc5 26. Qc3 Rb8 27. b3 Na3 28. Rbc1 Rfc8 29. Qe3 c4 30. bxc4 Nxc4 31. Qd4 Rb5 32. f4 Rbc5 33. e4 dxe4 34. Bxe4 Qc7 35. Rb1 Na3 36. Rb7 e5 37. Rxc7 exd4 38. Rxc8+ Rxc8 39. Rxd4 g6 40. Ra4 Nb5 41. Bd3 Rb8 42. Rb4 a6 43. a4 Rd8 44. Bc4+ Kg7 45. axb5 axb5 46. Rxb5 h6 47. Rb7+ Kf8 48. Rf7+ Ke8 49. Rf6 g5 50. fxg5 hxg5 51. Rg6 Rd4 52. Bb5+ Kf7 53. Rxg5 Kf6 54. Rc5 Rd2 55. Bf1 Rb2 56. h4 Kg6 57. Bg2 Kh6 58. Kh2 Rb4 59. Kh3 1-0

[Event "Pfalz op-B 9th"]
[Site "Neustadt an der Weinstrasse"]
[Date "2018.02.11"]
[Round "5"]
[White "Reitz, Theresa"]
[Black "Wacker, Andreas"]
[Result "0-1"]
[WhiteElo "1727"]
[BlackElo "1806"]
[PlyCount "80"]
[EventDate "2018.02.09"]
[EventType "swiss"]
[EventRounds "7"]
[EventCountry "GER"]
[SourceTitle "CBM 182 Extra"]
[Source "ChessBase"]
[SourceDate "2018.02.23"]
[SourceVersion "1"]
[SourceVersionDate "2018.02.23"]
[SourceQuality "1"]

1. e4 c6 2. d4 d5 3. Nc3 dxe4 4. Nxe4 Nd7 5. Bc4 e6 6. Nf3 Ngf6 7. Ng3 Nb6 8. Bb3 c5 9. 0-0 c4 10. Bxc4 Nxc4 11. c3 Nb6 12. Ne5 Bd7 13. Bg5 Be7 14. Nh5 Nxh5 15. Qxh5 0-0 16. Be3 Bf6 17. f4 Nd5 18. Bd2 Rc8 19. Rf3 g6 20. Rg3 Bg7 21. Qf3 Bc6 22. Qd3 Qb6 23. b3 Nf6 24. Be3 Be4 25. Qd2 Rfd8 26. c4 Nd7 27. Ng4 Qc6 28. Rf1 f5 29. Nf2 Nf6 30. Qe2 Nh5 31. Nxe4 Qxe4 32. Rh3 Bxd4 33. Qf2 Bxe3 34. Rxe3 Qd4 35. Rxe6 Qxf2+ 36. Rxf2 Rd1+ 37. Rf1 Rxf1+ 38. Kxf1 Kf7 39. Rd6 Ke7 40. Rd4 Rd8 0-1

[Event "Pfalz op-B 9th"]
[Site "Neustadt an der Weinstrasse"]
[Date "2018.02.11"]
[Round "4"]
[White "Wacker, Andreas"]
[Black "Bussemer, Karsten"]
[Result "1/2-1/2"]
[WhiteElo "1806"]
[BlackElo "1905"]
[PlyCount "72"]
[EventDate "2018.02.09"]
[EventType "swiss"]
[EventRounds "7"]
[EventCountry "GER"]
[SourceTitle "CBM 182 Extra"]
[Source "ChessBase"]
[SourceDate "2018.02.23"]
[SourceVersion "1"]
[SourceVersionDate "2018.02.23"]
[SourceQuality "1"]

1. e4 c5 2. Nc3 Nc6 3. g3 e5 4. Bg2 Nf6 5. d3 Be7 6. f4 d6 7. Nf3 Nd4 8. 0-0 Bg4 9. Ne2 Nxf3+ 10. Bxf3 Qd7 11. Bxg4 Nxg4 12. h3 Nf6 13. f5 h5 14. Nc3 d5 15. Qf3 d4 16. Ne2 Qc6 17. b3 0-0-0 18. Bd2 Kb8 19. Kg2 Nd7 20. Ng1 Rdf8 21. Qe2 g6 22. fxg6 fxg6 23. Nf3 Qe6 24. Ng5 Bxg5 25. Bxg5 Kc7 26. Rxf8 Rxf8 27. Rf1 Rf7 28. Rxf7 Qxf7 29. Qf3 Qe6 30. h4 Kc6 31. a4 a6 32. Qd1 b5 33. axb5+ axb5 34. Qa1 Nb6 35. Qa7 Qd7 36. Qb8 Qg4 1/2-1/2

[Event "GER-chT U16"]
[Site "Walldorf"]
[Date "2017.12.28"]
[Round "3.2"]
[White "Jenner, Meikel"]
[Black "Wacker, Andreas"]
[Result "0-1"]
[WhiteElo "1542"]
[BlackElo "1803"]
[PlyCount "100"]
[EventDate "2017.12.26"]
[EventType "team-swiss"]
[EventRounds "7"]
[EventCountry "GER"]
[SourceTitle "CBM 182 Extra"]
[Source "ChessBase"]
[SourceDate "2018.02.23"]
[SourceVersion "1"]
[SourceVersionDate "2018.02.23"]
[SourceQuality "1"]
[WhiteTeam "Saarbruecken"]
[BlackTeam "Lambsheim"]
[WhiteTeamCountry "GER"]
[BlackTeamCountry "GER"]

1. e4 c6 2. d4 d5 3. e5 Bf5 4. Nc3 e6 5. g4 Bg6 6. Nge2 h6 7. Nf4 Ne7 8. h4 Nd7 9. Nxg6 Nxg6 10. h5 Ne7 11. Be3 c5 12. Bb5 Nc6 13. f4 Qb6 14. Bxc6 bxc6 15. b3 cxd4 16. Bxd4 c5 17. Bf2 Qa5 18. Qd2 c4 19. Na4 c3 20. Qd4 Ba3 21. 0-0 Nb8 22. Qxc3 Qxc3 23. Nxc3 a6 24. Na4 Nc6 25. c3 Rb8 26. Nc5 a5 27. Nd3 Kd7 28. Rab1 Rhc8 29. Bc5 Bxc5+ 30. Nxc5+ Ke7 31. Nd3 Na7 32. Rfc1 Nb5 33. c4 Nd4 34. Kf2 dxc4 35. bxc4 Rxb1 36. Rxb1 Rxc4 37. Rb7+ Ke8 38. Rb8+ Ke7 39. Rg8 Ra4 40. Rxg7 Rxa2+ 41. Ke3 Nc2+ 42. Ke4 Ra4+ 43. Kf3 Rd4 44. g5 Rxd3+ 45. Ke2 Rd8 46. g6 Nd4+ 47. Ke1 Rf8 48. Kd2 a4 49. Kc3 a3 50. gxf7 a2 0-1

[Event "Arber op 6th"]
[Site "Bodenmais"]
[Date "2017.08.06"]
[Round "9"]
[White "Fuchs, Michael"]
[Black "Wacker, Andreas"]
[Result "1-0"]
[WhiteElo "2096"]
[BlackElo "1821"]
[PlyCount "41"]
[EventDate "2017.07.29"]
[EventType "swiss"]
[EventRounds "9"]
[EventCountry "GER"]
[SourceTitle "EXT 2018"]
[Source "ChessBase"]
[SourceDate "2017.10.13"]
[SourceVersion "1"]
[SourceVersionDate "2017.10.13"]
[SourceQuality "1"]

1. e4 c6 2. d4 d5 3. e5 Bf5 4. Nf3 e6 5. Be2 c5 6. Be3 c4 7. 0-0 Nc6 8. b3 b5 9. a4 a6 10. axb5 axb5 11. Nc3 Rxa1 12. Qxa1 Bxc2 13. Nxb5 Bxb3 14. Nd2 Qb8 15. Nxb3 Qxb5 16. Qa8+ Nd8 17. Nd2 Ne7 18. Bd1 Nec6 19. Ba4 Qb6 20. Rb1 Qc7 21. Rb8 1-0

[Event "GER-chT U16"]
[Site "Neumarkt in der Oberpfalz"]
[Date "2016.12.27"]
[Round "2.2"]
[White "Wacker, Andreas"]
[Black "Moeller, Lisa Marie"]
[Result "0-1"]
[WhiteElo "1722"]
[BlackElo "1765"]
[PlyCount "142"]
[EventDate "2016.12.27"]
[EventType "team-swiss"]
[EventRounds "7"]
[EventCountry "GER"]
[SourceTitle "EXT 2018"]
[Source "ChessBase"]
[SourceDate "2017.10.13"]
[SourceVersion "1"]
[SourceVersionDate "2017.10.13"]
[SourceQuality "1"]
[WhiteTeam "Lambsheim"]
[BlackTeam "Paderborn Blauer Springer"]
[WhiteTeamCountry "GER"]
[BlackTeamCountry "GER"]

1. e4 d5 2. exd5 Qxd5 3. Nc3 Qa5 4. d4 c6 5. Nf3 Nf6 6. Bd2 Qb6 7. Na4 Qc7 8. Bd3 Bg4 9. 0-0 e6 10. h3 Bh5 11. Re1 Be7 12. c4 0-0 13. Nc3 Re8 14. Ne4 Nbd7 15. Ng3 Bg6 16. Bxg6 hxg6 17. Bc3 Rad8 18. Qc2 b5 19. Ne5 Nxe5 20. dxe5 Nd7 21. cxb5 cxb5 22. Qb3 a6 23. a3 Nc5 24. Qc2 Nd3 25. Re3 Nf4 26. Rc1 Qb7 27. Rf3 Nxh3+ 28. Kh2 Ng5 29. Re3 Nh7 30. Rd1 Rxd1 31. Qxd1 Rd8 32. Rd3 Rxd3 33. Qxd3 Qd5 34. Qc2 Nf8 35. b4 Nd7 36. Qe2 Bg5 37. Qe1 Bf4 38. Kg1 Bxe5 39. Bxe5 Nxe5 40. Qc1 Nc4 41. Qf4 Qe5 42. Qc1 f6 43. Qc2 Kh7 44. Qd3 Qd5 45. Qc3 Qd2 46. Qf3 Qc1+ 47. Kh2 Qxa3 48. Qg4 Qxb4 49. Qh3+ Kg8 50. Qxe6+ Kf8 51. Qc8+ Kf7 52. Qxa6 Ne5 53. Qb7+ Kg8 54. Qc8+ Qf8 55. Qe6+ Nf7 56. Qb6 Qb4 57. Qb8+ Kh7 58. Qb7 Qc4 59. Kg1 b4 60. Nf1 b3 61. Nd2 Qc1+ 62. Kh2 Qxd2 63. Qxb3 Ng5 64. Qg3 Ne4 65. Qf3 Nxf2 66. Kg1 Qd1+ 67. Kxf2 Qxf3+ 68. gxf3 Kh6 69. Kg3 Kg5 70. Kg2 Kf4 71. Kf2 g5 0-1

[Event "GER-chT U12"]
[Site "Schney"]
[Date "2013.12.29"]
[Round "5.2"]
[White "Hommel, Niclas"]
[Black "Wacker, Andreas"]
[Result "1/2-1/2"]
[WhiteElo "1377"]
[BlackElo "1495"]
[PlyCount "48"]
[EventDate "2013.12.27"]
[EventType "team-swiss"]
[EventRounds "7"]
[EventCountry "GER"]
[SourceTitle "EXT 2015"]
[Source "ChessBase"]
[SourceDate "2014.11.20"]
[SourceVersion "1"]
[SourceVersionDate "2014.11.20"]
[SourceQuality "1"]
[WhiteTeam "Berlin Schachunion"]
[BlackTeam "Lambsheim"]
[WhiteTeamCountry "GER"]
[BlackTeamCountry "GER"]

1. e4 e5 2. Nf3 Nc6 3. Bb5 a6 4. Ba4 Nf6 5. 0-0 b5 6. Bb3 Be7 7. Re1 0-0 8. c3 d6 9. d3 Bg4 10. Nbd2 a5 11. Nf1 a4 12. Bc2 Na5 13. Ng3 c5 14. h3 Bh5 15. Nxh5 Nxh5 16. Nxe5 dxe5 17. Qxh5 Bf6 18. Be3 Qc7 19. Qe2 Rfd8 20. Rad1 Rd7 21. Kf1 Rad8 22. Kg1 c4 23. Qf1 h6 24. Qe2 Qc6 1/2-1/2